Inside Southeast Asia
| Main Author: | |
|---|---|
| Format: | Book |
| Published: |
Amsterdam :
The Pepin Press ,
1996
|
| Subjects: |
MARC
| LEADER | 00000cam a2200000 7i4500 | ||
|---|---|---|---|
| 001 | 0000007164 | ||
| 002 | 000007708 | ||
| 005 | 20000330.0 | ||
| 020 | |a 9054960280 | ||
| 090 | 0 | 0 | |a 959 |b MUL |
| 100 | 1 | |a Mulder Niels | |
| 245 | 1 | 0 | |a Inside Southeast Asia |c Niels Mulder |
| 260 | |a Amsterdam : |b The Pepin Press , |c 1996 | ||
| 300 | |a 264p. ; |c 21cm. | ||
| 650 | 0 | 0 | |a South Asia |
| 999 | |a 00069278 |b BUKU |c PINJAMAN |e PERPUSTAKAAN KOMUNITI PETALING JAYA | ||
| 999 | |a 054561 |b BUKU |c PINJAMAN |e PERPUSTAKAAN KOMUNITI PETALING JAYA | ||